00498 2200193 4500001002100000005001500021035002000036245003300056100001500089300003000104260003600134082001200170084001800182020002200200600003100222990001700253990001700270990001700287INLIS00000000000114220250828072121 a0010-08250000531 aSekuat Khadijah /cUmi Dilla0 aDilla, Umi a174 hlm ;c12,5 X 13,5 cm aYogyakarta :bYash Media,c2024 a297.642 a297.642 DIL s a978-623-10-0366-9 4aKhadijah Isteri Rasulullah a3818/PP/2025 a3819/PP/2025 a3820/PP/2025